00499cam a22001937a 4500003000500000005001700005008004100022010001000063011001000073035001000083040000900093082001400102100002400116245006400140260002900204300002000233650002500253650002700278CHAP20220329135822.0971013s1964 r 00010 d a42777 a43749 a47886 cCHAP a027.6bE800aEvans, Evelyn J. A.12aA tropical library service ; the story of Ghana's libraries aLondon :bDeutsch,c1964 a174 p.b: ilus.14aBibliotecasxAfrica.14aBibliotecasxHistoria.